Al-Ain FC Squad 2024-2025 - Statistics

General Stats
  • This quiz has been taken 8 times
  • The average score is 12 of 35
Answer Stats
# Position Nation Player % Correct
5 MF South Korea Yong-woo Park
100%
- Coach Argentina Hernán Crespo
75%
10 MF Paraguay Kaku
75%
19 FW Argentina Mateo Sanabria
75%
20 MF Argentina Matías Palacios
75%
7 FW Paraguay Matías Segovia
75%
4 DF Portugal Fábio Cardoso
50%
24 DF Argentina Felipe Salomoni
50%
29 MF Argentina Gino Infantino
50%
17 GK UAE Khalid Eisa
50%
9 FW Togo Kodjo Fo Doh Laba
50%
- Coach Portugal Leonardo Jardim
50%
72 FW UAE Mohamed Awad Alla
50%
77 FW Nigeria Rilwanu Sarki
50%
21 FW Morocco Soufiane Rahimi
50%
70 MF Mali Abdoul Karim Traoré
25%
13 MF UAE Ahmed Barman
25%
11 DF UAE Bandar Mohamed
25%
15 DF UAE Erik
25%
30 FW UAE Hazem Mohammad
25%
40 DF UAE Khaled Ali Al-Baloushi
25%
18 MF UAE Khalid Al-Baloushi
25%
66 DF UAE Mansour Saeed
25%
8 MF UAE Mohammed Al-Baloushi
25%
1 GK UAE Mohammed Bu Senda
25%
- Coach Serbia Vladimir Ivić
25%
6 MF UAE Yahia Nader
25%
46 DF UAE Dramane Koumare
0%
23 MF UAE Khalid Butti
0%
16 DF UAE Khalid Hashemi
0%
3 DF UAE Kouame Autonne Kouadio
0%
44 DF UAE Manea Al-Shamsi
0%
50 GK UAE Saif Al-Mazmi
0%
27 MF UAE Sékou Gassama
0%
28 DF UAE Solomon Sosu
0%
No matching quizzes found
Score Distribution
Percent of People with Each Score
Percentile by Number Answered
Your Score History
You have not taken this quiz